00550cam a2200205ua 45000010005000000080039000050200018000440400009000620410008000710820012000791000024000912450066001152500012001812600042001933000010002356530020002456530028002657000024002937000027003179821161019n ii |||gr||||Z||||||eng a9788179773345 cMAIN aeng a823.954 aRao, Raja,eAuthor. aKanthapura ( a critical study)cBy Raja Rao & ed. by Som Deva a2nd ed. aBareilly:bPrakash book depot,c2015. a180p. aEnglish fiction aIndian novel in English aDeva, Som,eAuthor. aBhatt, P.N.,eReviser.